Giancarlo Esposito Filmography - Statistics

General Stats
  • This quiz has been taken 63 times
    9 since last reset
  • The average score is 11 of 232
Answer Stats
Type Year Name % Correct
TV Show 2009-2011 Breaking Bad
100%
TV Show 2017-2022 Better Call Saul
75%
Video Game 2021 Far Cry 6
50%
TV Show 1998-1999 Homicide: Life on the Street
50%
TV Film 2000 Homicide: The Movie
50%
Web Series 2019-Present The Boys
50%
Web Series 2019-2023 The Mandalorian
50%
Film 2001 Ali
25%
TV Show 2006 Bones
25%
Web Series 2019 Creepshow
25%
TV Show 2006, 2008 CSI: Miami
25%
Film 1989 Do the Right Thing
25%
Film 2008 Gospel Hill
25%
Web Series 2019-2023 Harley Quinn
25%
Web Mini-Series 2023 Kaleidoscope
25%
TV Show 1996, 2004, 2005 Law & Order
25%
TV Show 2005 Law & Order: Trial by Jury
25%
Film 1992 Malcolm X
25%
Film 1986 Maximum Overdrive
25%
TV Show 1984, 1985 Miami Vice
25%
Film 1990 Mo' Better Blues
25%
Film 2016 Money Monster
25%
TV Show 1996, 1998 NYPD Blue
25%
Film 2017 Okja
25%
Video Game 2014 Payday 2
25%
TV Show 2017 Rebel
25%
Film 1988 School Daze
25%
Web Series 2022 The Boys Presents: Diabolical
25%
Film 1984 The Cotton Club
25%
TV Show 1986 The Equalizer
25%
Film 1995 The Usual Suspects
25%
Film 1983 Trading Places
25%
TV Show 2001 100 Centre Street
0%
Documentary Series 2014 30 for 30
0%
TV Mini-Series 2004 5ive Days to Midnight
0%
Film 2024 Abigail
0%
Film 2004 A Killer Within
0%
Film 2012 Alex Cross
0%
TV Show 2015 Allegiance
0%
Documentary Series 1993 American Experience
0%
TV Show 1985, 1986 American Playhouse
0%
Film 1993 Amos & Andrew
0%
TV Show 2002 A Nero Wolfe Mystery
0%
TV Show 1982 Another World
0%
Film 2003 Ash Tuesday
0%
TV Show 2013 Axe Cop
0%
Film 2005 Back in the Day
0%
TV Show 1993-1994 Bakersfield P.D.
0%
Theater 1984-1985 Balm in Gilead
0%
Film 2014 Batman: Assault on Arkham
0%
Film 2022 Beauty
0%
Film 1994 Benders
0%
TV Mini-Series 2017 Better Call Saul: Los Pollos Hermanos Employee Training
0%
Film 1997 Big City Blues
0%
Film 2003 Blind Horizon
0%
TV Documentary 2013 Blood River Crossing
0%
Film 1995 Blue in the Face
0%
Film 1992 Bob Roberts
0%
Film 2016 Brother Nature
0%
Film TBA By Any Means
0%
Music Video 1996 California
0%
Film 2025 Captain America: Brave New Soldier
0%
Film 2005 Carlito's Way: Rise to Power
0%
Theater 2008 Cat on a Hot Tin Roof
0%
TV Show 1985 CBS Schoolbreak Special
0%
Film 2011 Certainty
0%
TV Show 1996 Chicago Hope
0%
TV Film 2005 Chupacabra: Dark Seas
0%
Film 2019 Coda
0%
TV Show 2012, 2013 Community
0%
TV Mini-Series 1998 Creature
0%
TV Show 2011 Criminal Minds: Suspect Behavior
0%
Web Series 2022 Cyberpunk: Edgerunners
0%
Web Series 2018 Dallas & Robo
0%
TV Show 2017-2019 Dear White People
0%
Film 2005 Derailed
0%
Film 1985 Desperately Seeking Susan
0%
TV Show 2010 Detroit 1-8-7
0%
Documentary Series 2020-2023 Disney Gallery: The Mandalorian
0%
Theater 1991, 1992 Distant Fires
0%
Film 2004 Doing Hard Time
0%
Theater 1984 Do Lord Remember Me
0%
Theater 1987-1988 Don't Get God Started
0%
Short Film 2012 Dreaming American
0%
TV Show 2015 Drunk History
0%
TV Show 2006 Dr. Vegas
0%
TV Show 2020, 2021 DuckTales
0%
Film 1983 Enormous Changes at the Last Minute
0%
Short Film 1970 Et Salammbo?
0%
TV Show 1995 Fallen Angels
0%
Film 2007 Feel the Noise
0%
TV Film 1985 Finnegan Begin Again
0%
TV Film 1997 Five Desperate Hours
0%
Short Film 2020 For NYC
0%
Film 1994 Fresh
0%
TV Show 2006 Ghost Whisperer
0%
TV Show 2002 Girls Club
0%
TV Show 2019-2023 Godfather of Harlem
0%
Film 1984 Go Tell It on the Mountain
0%
TV Show 1982-1983 Guiding Light
0%
TV Show 2004 Half & Half
0%
Film 1991 Harley Davidson and the Marlboro Man
0%
Film 2005 Hate Crime
0%
Film 1987 Heartbeat
0%
Web Mini-Series 2020 Home Movie: The Princess Bride
0%
Short Film 2015 I Did Not Forget You
0%
Film 2005 I Will Avenge You, Iago!
0%
TV Show 2019 Jett
0%
Web Series 2022 Jigsaw
0%
Film 2001 Josephine
0%
TV Show 2007 Kidnapped
0%
Film TBA Kill Me
0%
Film 1990 King of New York
0%
Film 1995 Klash
0%
Film 2006 Last Holiday
0%
TV Show 2006 Las Vegas
0%
TV Show 1987 Leg Work
0%
TV Show 2010 Leverage
0%
TV Show 2010 Lie to me*
0%
TV Show 1990 Lifestories
0%
Film 2019 Line of Duty
0%
TV Show 1996 Living Single
0%
Film 1997 Loose Women
0%
Theater 1972 Lost in the Stars
0%
Theater 1968-1969 Maggie Flynn
0%
Short Film 2007 Mano
0%
TV Show 2024 Marvel's Moon Girl and Devil Dinosaur
0%
Film 2024 MaXXXine
0%
Film 2018 Maze Runner: The Death Cure
0%
Film 2015 Maze Runner: The Scorch Trials
0%
Film 2024 Megalopolis
0%
Theater 1981 Merrily We Roll Along
0%
TV Show 2023 Monday Night Football
0%
Film 2001 Monkeybone
0%
Film 2018 Mutafukaz
0%
TV Film 1998 Naked City: Justice with a Bullet
0%
TV Show 1996, 1999 Nash Bridges
0%
Commercial 2017 NCAA March Madness Live
0%
TV Show 2008 New Amsterdam
0%
TV Show 1995 New York Undercover
0%
Film 1991 Night on Earth
0%
Film 2004 Noise
0%
Film 1997 Nothing to Lose
0%
TV Show 2012 NYC 22
0%
TV Pilot 2004 NYPD 2069
0%
TV Show 2011-2017 Once Upon a Time
0%
TV Special 2012 Once Upon a Time: Magic Is Coming
0%
Film TBA Out Come the Wolves
0%
TV Film 2013 Over / Under
0%
TV Show 2024 Parish
0%
Film 1998 Phoenix
0%
Film 2001 Piñero
0%
Film 2024 Please Don't Feed the Children
0%
Web Series 2025 Poker Face
0%
Film 2014 Poker Night
0%
Film 2010 Rabbit Hole
0%
Film 2007 Racing Daylight
0%
Film 2006 Rain
0%
Film 1995 Reckless
0%
TV Film 1993 Relentless: Mind of a Killer
0%
TV Show 2012-2014 Revolution
0%
TV Mini-Series 2013 Revolution: Enemy of the State
0%
TV Film 1986 Rockabye
0%
Film 1979 Running
0%
Theater 1995 Sacrilege
0%
Theater 1973 Seesaw
0%
TV Show 1982-1984 Sesame Street
0%
Documentary 1993 Seven Songs for Malcolm X
0%
Film 2006 Sherrybaby
0%
Film 1995 Smoke
0%
Film 2014 Son of Batman
0%
TV Show 2004 Soul Food
0%
TV Show 2006 South Beach
0%
TV Show 1987 Spenser: For Hire
0%
TV Film 1998 Stardust
0%
Film 2020 Stargirl
0%
Theater 2012 Storefront Church
0%
TV Show 2003 Street Time
0%
TV Show 2001 Strong Medicine
0%
Film 2017 Stuck
0%
Documentary Mini-Series 2021 Supervillain: The Making of Tekashi 6ix9ine
0%
Commercial 2022 SurveyMonkey
0%
Film 2011 S.W.A.T.: Firefight
0%
Film 1987 Sweet Lorraine
0%
TV Show 1996 Swift Justice
0%
TV Show 2017, 2022 Talking Saul
0%
Film 1981 Taps
0%
Music Video 2008 Teenage Love Affair
0%
Film 2023 Teenage Mutant Ninja Turtles: Mutant Mayhem
0%
Podcast 2022 The Big Lie
0%
Film 2007 The Box
0%
Documentary Mini-Series 2020 The Broken and the Bad
0%
Film 1984 The Brother from Another Planet
0%
Film 2026 The Cat in the Hat
0%
TV Show 2003 The Division
0%
Film 2025 The Electric State
0%
TV Film 1981 The Gentleman Bandit
0%
Web Series 2024 The Gentlemen
0%
TV Show 2016-2017 The Get Down
0%
TV Show 1998 The Hunger
0%
Film 2016 The Jungle Book
0%
Film 1995 The Keeper
0%
Film TBA The Long Home
0%
Film 1997 The Maze
0%
Theater 1970-1971 The Me Nobody Knows
0%
Documentary 2018 The Nagano Tapes: Rewound, Replayed & Reviewed
0%
Film TBA The Only Living Pickpocket in New York
0%
Film 1997 The People
0%
Film 2016 The Pills: Sempre meglio che lavorare
0%
TV Show 2002 The Practice
0%
Film TBA The Prince
0%
Web Mini-Series 2025 The Residence
0%
Theater 1993 The Root
0%
Film 2017 The Show
0%
TV Pilot 1996 The Tomorrow Man
0%
TV Show 2000-2001 The $treet
0%
Film 2013 They Die by Dawn
0%
TV Show 2002 Third Watch
0%
TV Film 1998 Thirst
0%
TV Pilot 2013 Timms Valley
0%
TV Show 2000 Touched by an Angel
0%
Theater 1994-1995 Trafficking in Broken Hearts
0%
Film 1997 Trouble on the Corner
0%
Film 1979 Tutti a Squola
0%
Film 1998 Twilight
0%
Documentary 2017 Unacknowledged
0%
Film 2020 Unpregnant
0%
Film 1995 Waiting to Exhale
0%
TV Show 2018 Westworld
0%
TV Film 2008 Xenophobia
0%
Film TBA Your Mother Your Mother Your Mother
0%
Theater 1980-1981 Zooman and the Sign
0%
No matching quizzes found
Score Distribution
Percent of People with Each Score
Percentile by Number Answered
Your Score History
You have not taken this quiz since the last reset